Complex variables and applications (Record no. 3507)

000 -LEADER
fixed length control field 00586nam a22002297a 4500
001 - CONTROL NUMBER
control field 3507
003 - CONTROL NUMBER IDENTIFIER
control field BD-DhUET
008 - FIXED-LENGTH DATA ELEMENTS--GENERAL INFORMATION
fixed length control field 141101b xxu||||| |||| 00| 0 eng d
020 ## - INTERNATIONAL STANDARD BOOK NUMBER
International Standard Book Number 0070108552
040 ## - CATALOGING SOURCE
Transcribing agency 0
Modifying agency BD-DhUET
082 ## - DEWEY DECIMAL CLASSIFICATION NUMBER
Classification number 517.8
Item number CHU/1974
100 ## - MAIN ENTRY--PERSONAL NAME
Personal name Churchill, Ruel V.
245 ## - TITLE STATEMENT
Title Complex variables and applications
250 ## - EDITION STATEMENT
Edition statement 3rd ed.
260 ## - PUBLICATION, DISTRIBUTION, ETC. (IMPRINT)
Place of publication, distribution, etc. New York
Name of publisher, distributor, etc. McGraw-Hill
Date of publication, distribution, etc. 1974
300 ## - PHYSICAL DESCRIPTION
Extent x, 332 p.
Other physical details ill.
Dimensions 23 cm.
504 ## - BIBLIOGRAPHY, ETC. NOTE
Bibliography, etc Includes bibliographies
650 #0 - SUBJECT ADDED ENTRY--TOPICAL TERM
Topical term or geographic name as entry element Complex variables
700 ## - ADDED ENTRY--PERSONAL NAME
Personal name Brown, James W.
700 ## - ADDED ENTRY--PERSONAL NAME
Personal name Verhey, Roger F.
942 ## - ADDED ENTRY ELEMENTS (KOHA)
Koha item type General Book
Holdings
Source of classification or shelving scheme Koha renewals Sublocation or collection (holding branch) Price effective from Location (home branch) Koha date last borrowed Damaged status Koha item type Copy number Koha normalized classification for sorting Koha full call number Shelving location Not for loan Withdrawn status Koha date last seen Piece designation (barcode) Lost status Date acquired
  Central Library, BUET2014-11-01Central Library, BUET  General Book1517_800000000000000_CHU_1974517.8/CHU/1974Circulation section  2014-11-0139411 2014-11-01
  Central Library, BUET2014-11-01Central Library, BUET  General Book2517_800000000000000_CHU_1974517.8/CHU/1974Circulation section  2014-11-0143301 2014-11-01
  Central Library, BUET2014-11-01Central Library, BUET  General Book3517_800000000000000_CHU_1974517.8/CHU/1974Circulation section  2014-11-0145109 2014-11-01
  Central Library, BUET2014-11-01Central Library, BUET  General Book4517_800000000000000_CHU_1974517.8/CHU/1974Circulation section  2016-05-1852889 2014-11-01
  Central Library, BUET2014-11-17Central Library, BUET  General Book5517_800000000000000_CHU_1974517.8/CHU/1974Circulation section  2016-04-0237655 2014-11-17
 2Central Library, BUET2014-11-17Central Library, BUET  General Book6517_800000000000000_CHU_1974517.8/CHU/1974Circulation section  2016-08-3058032 2014-11-17
  Central Library, BUET2015-05-03Central Library, BUET0000-00-00 General Book7517_800000000000000_CHU_1974517.8/CHU/1974Circulation section  2015-05-0352887 2015-05-03
  Central Library, BUET2015-05-03Central Library, BUET  General Book8517_800000000000000_CHU_1974517.8/CHU/1974Circulation section  2015-05-0337654 2015-05-03
  Central Library, BUET2015-05-04Central Library, BUET  General Book9517_800000000000000_CHU_1974517.8/CHU/1974Circulation section  2015-05-0439412 2015-05-04
  Central Library, BUET2015-05-20Central Library, BUET  General Book10517_800000000000000_CHU_1974517.8/CHU/1974Circulation section  2015-05-2058033 2015-05-20
  Central Library, BUET2015-06-13Central Library, BUET  Reading Item11517_800000000000000_CHU_1974517.8/CHU/1974Reading section  2015-06-1324535 2015-06-13
  Central Library, BUET2015-07-13Central Library, BUET  General Book12517_800000000000000_CHU_1974517.8/CHU/1974Circulation section  2015-07-1343304 2015-07-13